| 000 | 00586nam a2200205Ia 4500 | ||
|---|---|---|---|
| 008 | 131103s9999 xx 000 0 und d | ||
| 020 | _a0 340 11953 5 | ||
| 040 | _aLoreto College | ||
| 041 | _aEnglish | ||
| 082 |
_a372.4/DOW _bLCBED/1694 |
||
| 100 | _aJohn Dowing | ||
| 245 |
_aReading readiness _cJohn Downing & Derek Thackray |
||
| 260 |
_aLondon _bUniversity of London _c1971 |
||
| 300 |
_a128p. _c 22cm. |
||
| 504 | _aIncludes bibliographical references & index | ||
| 650 | _aElementary education | ||
| 700 | _aThackray, Derek | ||
| 850 | _aLCBED/372.4/DOW | ||
| 942 | _cBK | ||
| 999 |
_c27533 _d78012 |
||